LEADER 00882nam a2200217 u 4500 001 000000116561 003 CaOOAMICUS 005 20090701163812.0 008 090701s1882 it u000 ubita r 040 $aPUL$bita$dLDB 100 1 $aMario, Jessie (White),$d1832-1906.$0(OLS)http://pul/name/59705 245 10$aVita di Giuseppe Garibaldi /$cnarrata da Jessie W. Mario. 260 $aMilano :$bFratelli Treves,$c1882. 300 $a2 v. in 1 ;$c19 cm 600 14$aGaribaldi, Giuseppe,$d1807-1882$xBiografia.$0(OLS)http://pul/subject/24527 850 $aPUL 852 $aPUL$W1$xDP1 Fondo Fallaci$y66$mA VII 21$j133591$qFondi$B132624$CPULBib$Z2$F132624 $82 941 1 $a1 961 $aEx libris Oriana FallaciSegnalibro alla p.: 47 996 $6245$aVita di Giuseppe Garibaldi$9(OLS)http://pul/title/90709 996 $6260$aMilano :$bFratelli Treves$9(OLS)http://pul/publisher/48319 LEADER 01040nam a2200253 u 4500 001 000000064860 003 CaOOAMICUS 005 20070226121413.0 008 011126s1966 fr u000 u fre u 035 $a10911488 040 $aPUL(R)$bita 100 1 $aBlondel, Maurice,$d1861-1949.$0(OLS)http://pul/name/9489 245 12$aL'itinéraire philosophique de Maurice Blondel /$cpropos recueillis par Frédéric Lefèvre. 260 $aParis :$bAubier-Montaigne,$cc1966. 300 $a184 p. ;$c18 cm 490 1 $aLa philosophie en poche 700 1 $aLefèvre, Frédéric.$0(OLS)http://pul/name/43789 830 3$aLa philosophie en poche.$0(OLS)http://pul/title/70113 850 $aPUL 852 $aPUL$W1$xSL Filosofia 1$y2$m90 C 13$j84023$nBK-PRI$b $qStampati$B84023$CPULBib$Z2$F84023 $H $81 941 1 $a8 961 $aINV: 27634 996 $6245$aL'itinéraire philosophique de Maurice Blondel$9(OLS)http://pul/title/86376 996 $6260$aParis :$bAubier-Montaigne$9(OLS)http://pul/publisher/47976 LEADER 01768nam a2200373 a 4500 001 000000123290 003 CaOOAMICUS 005 20101011102958.0 008 101011t2010 it a u000 u ita r 020 $z9788815138118* 040 $aPUL$bita 245 03$aIl cardinale Giovanni Morone e l'ultima fase del Concilio di Trento /$ca cura di Massimo Firpo, Ottavia Niccoli. 260 $aBologna :$bIl Mulino,$c©2010. 300 $a293 p. :$bill. ;$c22 cm 490 1 $aAnnali dell'Istituto storico italo-germanico. Quaderni ;$v80 500 $aNell'occhietto: Fondazione Bruno Kessler. 500 $aInclude indice. 500 $aAtti del convegno, Trento 5-6 giugno 2009. 504 $aBibliografia in nota. 600 14$aMorone, Giovanni,$ccard.,$d1509-1580.$0(OLS)http://pul/subject/8349 611 24$aConcilium Tridentinum$d(1545-1563).$0(OLS)http://pul/subject/698 700 1 $aFirpo, Massimo,$d1946-$0(OLS)http://pul/name/447 700 1 $aNiccoli, Ottavia.$0(OLS)http://pul/name/23803 710 2 $aIstituto trentino di cultura.$0(OLS)http://pul/name/53930 710 2 $aFondazione Bruno Kessler.$0(OLS)http://pul/name/77596 830 0$aAnnali dell'Istituto storico italo-germanico in Trento.$pQuaderni ;$v80.$0(OLS)http://pul/title/8598 850 $aPUL 852 $aPUL$W1$xDP1 Riviste Correnti$y15$m1094 D 2.80$j141828$qPeriodici$B140821$CPULBib$Z2$F140821 $H114944 $82 941 1 $a5 960 $aConcilio di Trento$d(1545-1563)$9698 996 $6020$z9788815138118*$9(OLS)http://pul/number/145567 996 $6245$aIl cardinale Giovanni Morone e l'ultima fase del Concilio di Trento$9(OLS)http://pul/title/155380 996 $6260$aBologna :$bIl Mulino$9(OLS)http://pul/publisher/47928